The comeback kid (Record no. 65778)

MARC details
000 -LEADER
fixed length control field 01145cam a2200241 4500
001 - CONTROL NUMBER
control field ABS63341
008 - FIXED-LENGTH DATA ELEMENTS--GENERAL INFORMATION
fixed length control field 000000n2000 000 0 eng u
035 ## - SYSTEM CONTROL NUMBER
System control number (Sirsi) u110302
100 ## - MAIN ENTRY--PERSONAL NAME
Personal name Furst, S
245 #4 - TITLE STATEMENT
Title The comeback kid
260 ## - PUBLICATION, DISTRIBUTION, ETC.
Date of publication, distribution, etc. 2000
490 ## - SERIES STATEMENT
Series statement Building
Volume/sequential designation 265(8166) 15 December 2000, 72(1)
520 ## - SUMMARY, ETC.
Summary, etc. Describes how negligence claims, once common for multi-party actions, may still be used in cases where the law will still impose a duty of care for both economic and physical loss. Multi-party actions for negligence had been common in the 1970s and 1980s but were stemmed by the ruling in "Murphy". Using cases since the 1990s, the article shows that a duty of care for economic loss has become difficult and complex but that duty of care for physical loss is more easily established, at least where the wrongdoer is a builder - but such claims are few.
590 ## - LOCAL NOTE (RLIN)
Local note ABS
650 ## - SUBJECT ADDED ENTRY--TOPICAL TERM
Topical term or geographic name entry element CONTRACTORS
650 ## - SUBJECT ADDED ENTRY--TOPICAL TERM
Topical term or geographic name entry element NEGLIGENCE
650 ## - SUBJECT ADDED ENTRY--TOPICAL TERM
Topical term or geographic name entry element DUTY OF CARE
650 ## - SUBJECT ADDED ENTRY--TOPICAL TERM
Topical term or geographic name entry element PHYSICAL LOSS
650 ## - SUBJECT ADDED ENTRY--TOPICAL TERM
Topical term or geographic name entry element ECONOMIC LOSS
650 ## - SUBJECT ADDED ENTRY--TOPICAL TERM
Topical term or geographic name entry element MURPHY V BRENTWOOD
690 ## - LOCAL SUBJECT ADDED ENTRY--TOPICAL TERM (OCLC, RLIN)
Topical term or geographic name as entry element PROFESSIONAL PRACTICE-NEGLIGENCE-CASE LAW
942 ## - ADDED ENTRY ELEMENTS (KOHA)
Suppress in OPAC 0
Holdings
Withdrawn status Lost status Source of classification or shelving scheme Damaged status Not for loan Home library Current library Shelving location Date acquired Total Checkouts Full call number Barcode Date last seen Copy number Price effective from Koha item type
    Dewey Decimal Classification     London London Journal article 10/01/2001   ABS63341 110302-1001 06/08/2019 1 06/08/2019 Journal article